000 00974nam a2200277 a 4500
001 75659
003 BD-RjUL
005 20211209082726.0
008 190512s1949 -us 000 0 eng
035 _a(BD-RjUL)75877
035 _a(OCoLC)1518112
040 _aDLC
_cFM
_dDLC
_dBD-RjUL
_beng
041 _aeng
042 _apremarc
082 _223
_a658.15
_bSIC 1949
100 1 _aSilverstein, Nathan L.
_9231631
245 1 0 _aCorporation finance simplified :
_ba concise exposition of the corporate form of American business and the securities issued in exchange for investors' money /
_cNathan L. Silverstein
260 _aChicago :
_bAmerican Technical Society,
_c1949, [reprinted 1958]
300 _aix, 309 p.:
_billus.;
_c22 cm.
500 _aIncludes "Supplementary reading."
650 0 _aCorporations
_zUnited States
_xFinance.
_9231632
650 0 _aSecurities
_zUnited States.
_9231633
942 _2ddc
_cBK
999 _c75659
_d75659